Statistics for The Flash, Supergirl, Arrow and Legends of Tomorrow quiz

Click here to take the quiz!

General Stats

  • This quiz has been taken 237 times
    (235 since last reset)
  • The average score is 32 of 52

Answer Stats

The FlashAnswer% Correct
the flashbarry allen
99%
arrowoliver queen
89%
daughter of the aboveiris west
87%
daughter of the abovenora west allen
86%
detective who took the flash injoe west
84%
mother of the flashnora allen
84%
supergirlkara danvers
83%
man who killed the flash's motherreverse flash
83%
vibecisco ramon
79%
long lost brother of the abovewally west
79%
killer frostcaitlin snow
77%
black canarysara lance
77%
white canarysara lance
77%
black canarylaurel lance
76%
arrow's sisterthea queen
76%
supergirl's adopted sisteralex danvers
71%
spartanjohn diggle
70%
atomray palmer
68%
who killed the flash's fatherzoom
68%
father of the flashhenry allen
67%
j'onn j'onzz home planetmars
67%
computer girl on arrowfelicity smoak
66%
computer in the waveridergideon
64%
ancestor of the reverse flasheddie thawne
63%
timeship
waverider
62%
one part of firestormmartin stein
62%
captain of waveriderrip hunter
61%
slade wilsondeathstroke
60%
part of firestorm when above diedjefferson jackson
58%
superman bestfriendjimmy olsen
58%
arsenalroy harper
58%
j'onn j'onzzmartian manhunter
57%
captain of ccpddavid singh
54%
where j'onn j'onzz worksDEO
54%
immortal villian in season 1vandal savage
54%
means purgatory on arrowlian yu
53%
the daxamite who crash on earthmon el
53%
time remnant of the flashsavitar
52%
historian who can become steelnate heywood
50%
daughter of the abovemia smoak
49%
other part of firestormronnie raymond
49%
bureau that rip createdtime bureau
47%
I.T guy on supergirlwinn schott
47%
clone that dates white canaryava sharpe
45%
the flash job at ccpdcsi
45%
black canarydinah drake
42%
shapeshifter who lost her powerscharlie
38%
wife of the abovelyla michaels
37%
son of the abovewilliam clayton
36%
hawkmancarter hall
33%
hawkgirlkendra sanders
16%
what above was known asloombreaker
3%

Score Distribution

Percentile by Number Answered

Percent of People with Each Score

Your Score History

You have not taken this quiz since the last reset